| 000 -LEADER |
| fixed length control field |
01696cam a2200229 i 4500 |
| 003 - CONTROL NUMBER IDENTIFIER |
| control field |
KPN |
| 005 - DATE AND TIME OF LATEST TRANSACTION |
| control field |
20260409153503.0 |
| 008 - FIXED-LENGTH DATA ELEMENTS--GENERAL INFORMATION |
| fixed length control field |
20260409b 00| 0 my d |
| 020 ## - INTERNATIONAL STANDARD BOOK NUMBER |
| International Standard Book Number |
9789672459767 |
| Qualifying information |
paperback |
| Terms of availability |
RM32.00 |
| 040 ## - CATALOGING SOURCE |
| Transcribing agency |
KPN |
| 082 04 - DEWEY DECIMAL CLASSIFICATION NUMBER |
| Classification number |
BM FD MUH 2023 |
| Edition number |
23 |
| 090 00 - LOCALLY ASSIGNED LC-TYPE CALL NUMBER (OCLC); LOCAL CALL NUMBER (RLIN) |
| Classification number (OCLC) (R) ; Classification number, CALL (RLIN) (NR) |
BM FD MUH 2023 |
| Local cutter number (OCLC) ; Book number/undivided call number, CALL (RLIN) |
MUH |
| 100 0# - MAIN ENTRY--PERSONAL NAME |
| Personal name |
Muharikah, |
| Relator term |
author. |
| 245 10 - TITLE STATEMENT |
| Title |
Sayang yang tak terungkap / |
| Statement of responsibility, etc. |
Muharikah ; Ketua Editor : Rahmah Pauzi |
| 264 #1 - PRODUCTION, PUBLICATION, DISTRIBUTION, MANUFACTURE, AND COPYRIGHT NOTICE |
| Place of production, publication, distribution, manufacture |
Kajang, Selangor : |
| Name of producer, publisher, distributor, manufacturer |
Iman Publication Sdn. Bhd., |
| Date of production, publication, distribution, manufacture, or copyright notice |
2023 |
| 300 ## - PHYSICAL DESCRIPTION |
| Extent |
487 pages ; |
| Dimensions |
19 cm |
| 521 ## - TARGET AUDIENCE NOTE |
| Target audience note |
“Iman, please stay. You don’t have to do this to me!”<br/><br/>“I have to leave. Until you can explain everything to me.”<br/><br/>***<br/><br/>Dr. Iman Syahirah seorang wanita berdikari dan berkerjaya; selalu tahu apa yang dimahukan dalam hidupnya.<br/><br/>Namun, tiada siapa tahu, doktor yang kelihatan tegas ini menyimpan kisah silam yang dijaga rapi. Dia sendiri tidak ingin mengenang lagi.<br/><br/>Walau bagaimanapun, pertemuan dengan Aleph telah menimbulkan kembali gelojak perasaan lama yang disangka telah terhapus sepenuhnya. Lamaran Faris secara tidak semena-mena memberi Iman jalan keluar daripada kemelut tersebut.<br/><br/>Tanpa diduga, bahagia yang diimpikan bertukar derita. Makin didekati, makin Faris menjauhi. Faris seolah-olah menyembunyikan sesuatu. Adakah Faris tahu akan kisah silamnya? Kemunculan semula Aleph sekali lagi mengubat jiwa Iman yang lara.<br/><br/>“Adakah ini balasan Allah terhadap dosa-dosa silam? Takkan ia karma?”<br/><br/>Mampukah kepercayaan yang tersisa melenyapkan semua kecurigaan, lalu dia menemui kebahagiaan yang dicari? |
| 650 10 - SUBJECT ADDED ENTRY--TOPICAL TERM |
| Topical term or geographic name entry element |
Malay fiction |
|
| Topical term or geographic name entry element |
Malaysian fiction (Malay) |
| 700 0# - ADDED ENTRY--PERSONAL NAME |
| Personal name |
Rahmah Pauzi, |
| Dates associated with a name |
1990- |
| Relator term |
editor. |
| 942 ## - ADDED ENTRY ELEMENTS (KOHA) |
| Source of classification or shelving scheme |
|
| Koha item type |
Book |
| Suppress in OPAC |
No |